书目信息 |
| 题名: |
一口气法语
|
|
| 作者: | 郝晓莉 编著 | |
| 分册: | ||
| 出版信息: | 北京 世图音像电子出版社 2004 |
|
| 页数: | 131页 | |
| 开本: | 19cm | |
| 丛书名: | ||
| 单 册: | ||
| 中图分类: | H32 | |
| 科图分类: | ||
| 主题词: | 法语--自学参考资料 | |
| 电子资源: | ||
| ISBN: | 7-88751-225-5 | |
| 000 | 00639nam0 2200229 45 | |
| 001 | 012005000 | |
| 005 | 20070807154854.23 | |
| 010 | @a7-88751-225-5@dCNY12.80 | |
| 100 | @a20070409d2004 ekmy0chiy0120 ea | |
| 101 | 0 | @achi@afre |
| 102 | @aCN@b110000 | |
| 105 | @ay z 000yy | |
| 106 | @ar | |
| 200 | 1 | @a一口气法语@Ayi kou qi fa yu@f郝晓莉编著@Fhao xiao li bian zhu |
| 210 | @a北京@c世图音像电子出版社@d2004 | |
| 215 | @a131页@d19cm@e1磁带 | |
| 307 | @a附磁带:ISRC CN-M46-04-0127-0 | |
| 606 | 0 | @a法语@j自学参考资料 |
| 690 | @aH32@v4 | |
| 701 | 0 | @a郝晓莉@Ahao xiao li@4编著 |
| 801 | 0 | @aCN@bBSD@c20070807 |
| 905 | @dH32@e102@f3 | |
| 一口气法语/郝晓莉编著.-北京:世图音像电子出版社,2004 |
| 131页;19cm+1磁带 |
| ISBN 7-88751-225-5:CNY12.80 |
| ● |
| 相关链接 |
|
|
|
|
正题名:一口气法语
索取号:H32/102
 
预约/预借
| 序号 | 登录号 | 条形码 | 馆藏地/架位号 | 状态 | 备注 |
| 1 | 0854104 | 208541041 | 第二样本阅览室/ [索取号:H32/102] | 在馆 | |
| 2 | 0854105 | 208541050 | 第四借阅区/ [索取号:H32/102] | 在馆 | |
| 3 | 0854106 | 208541069 | 第四借阅区/ [索取号:H32/102] | 在馆 |